Statistics for Best Ever South American Footballers

Click here to take the quiz!

General Stats

  • This quiz has been taken 147 times
  • The average score is 16 of 50

Answer Stats

Answer% Correct
Lionel Messi
99%
Pelé
99%
Diego Maradona
97%
Luis Suárez
90%
Ronaldo
87%
Ronaldinho
84%
Roberto Carlos
79%
Rivaldo
72%
Romário
66%
Zico
62%
Kaká
56%
Sócrates
55%
Garrincha
53%
Alfredo Di Stéfano
51%
Javier Zanetti
43%
Carlos Alberto
40%
Falcão
37%
Jairzinho
32%
Didi
31%
Teófilo Cubillas
31%
Tostão
26%
Daniel Passarella
23%
Juan Roman Riquelme
23%
Elias Figueroa
20%
Enzo Francescoli
19%
Djalma Santos
17%
Juan Schiaffino
17%
Nílton Santos
16%
Omar Sívori
16%
Gérson
15%
Leônidas
15%
Rivellino
15%
Obdulio Varela
13%
Zizinho
13%
José Leandro Andrade
12%
Ubaldo Fillol
12%
Gilmar
11%
Juan Moreno
11%
Ademir
10%
Fernando Redondo
9%
Héctor Scarone
8%
Adolfo Pedernera
5%
Héctor Chumpitaz
5%
Júnior
4%
Luis Monti
4%
Antonio Sastre
3%
Ladislao Mazurkiewicz
3%
Raimundo Orsi
3%
Jair da Rosa
1%
Julinho
1%

Score Distribution

Percentile by Number Answered

Percent of People with Each Score

Your Score History

You have not taken this quiz